[Event "CAN-ch U12 Girls"]
[Site "Victoria"]
[Date "2009.07.22"]
[Round "4"]
[White "Foote, Joanne"]
[Black "Carradice, Moriah"]
[Result "1-0"]
[WhiteElo "1345"]
[BlackElo "853"]
[PlyCount "71"]
[EventDate "2009.07.21"]
[EventType "swiss"]
[EventRounds "7"]
[EventCountry "CAN"]
[SourceTitle "EXT 2011"]
[Source "ChessBase"]
[SourceDate "2010.11.26"]
[SourceVersion "1"]
[SourceVersionDate "2010.11.26"]
[SourceQuality "1"]

1. e4 e5 2. f4 exf4 3. Nf3 Nf6 4. Nc3 Nc6 5. d4 Nh5 6. Bc4 b6 7. d5 Na5 8. Bd3 c6 9. Nd4 b5 10. Qxh5 Bc5 11. Qe5+ Be7 12. 0-0 Nc4 13. Bxc4 bxc4 14. d6 c5 15. Nf5 f6 16. Qxe7+ Qxe7 17. dxe7 Bb7 18. Nd6+ Kxe7 19. Nxb7 Rab8 20. Nxc5 d6 21. Nd5+ Kf7 22. Bxf4 Rbd8 23. Nb7 Rd7 24. Nxd6+ Kg6 25. Nxc4 Re8 26. Rae1 f5 27. Ne5+ Rxe5 28. Bxe5 fxe4 29. Nf4+ Kf7 30. Rxe4 Rd2 31. Bc3 Rxc2 32. Nd3+ Kg6 33. Rg4+ Kh5 34. Ne5 Kh6 35. Rf3 Kh5 36. Rh3# 1-0

[Event "CAN-ch U10 Girls"]
[Site "Ottawa"]
[Date "2007.07.05"]
[Round "5"]
[White "Baxter, Tiffany"]
[Black "Carradice, Moriah"]
[Result "0-1"]
[WhiteElo "832"]
[BlackElo "778"]
[PlyCount "102"]
[EventDate "2007.07.03"]
[EventType "swiss"]
[EventRounds "6"]
[EventCountry "CAN"]
[SourceTitle "EXT 2022"]
[Source "ChessBase"]
[SourceDate "2021.10.06"]
[SourceVersion "1"]
[SourceVersionDate "2021.10.06"]
[SourceQuality "1"]

1. d4 e6 2. h3 Bb4+ 3. Bd2 Bd6 4. Bc1 Bb4+ 5. Nd2 Nf6 6. g3 Bd6 7. h4 Bb4 8. f3 Nh5 9. c3 Nxg3 10. Bg2 Bd6 11. b3 Nh5 12. e3 Bg3+ 13. Kf1 Bd6 14. f4 Ng3+ 15. Kf2 Nf5 16. Ke1 Nxe3 17. Qe2 Nf5 18. Nf1 Nxh4 19. Nd2 Bxf4 20. Qd1 Nxg2+ 21. Kf1 Ne3+ 22. Kf2 Nxd1+ 23. Kf1 Ne3+ 24. Ke1 Bg3+ 25. Ke2 Bf4 26. Nf1 Ng2 27. c4 d5 28. Nf3 Nh4 29. N1d2 f6 30. Rg1 0-0 31. Ba3 Rf7 32. Nh2 Bxh2 33. Nf3 Nf5 34. Nxh2 Nh4 35. Rg4 Nf5 36. Rf1 e5 37. Bc1 Nxd4+ 38. Kd1 Nf5 39. Rg5 fxg5 40. Rg1 Rd7 41. Nf3 Rd6 42. Nxg5 Rg6 43. a3 Nh4 44. Rg4 Nf5 45. a4 Nd4 46. b4 dxc4 47. Rh4 Bd7 48. Rxh7 Nf5 49. b5 c6 50. Ba3 Rxg5 51. Rh2 Rg1+ 0-1